000 00662nam a2200229Ia 4500
003 OSt
005 20220926015019.0
006 a|||||r|||| 00| 0
007 ta
008 220923b |||||||| |||| 00| 0 eng d
037 _cGeneral Book
040 _aRTL
_cRTL
_beng
041 _2eng
_aeng
082 _aV3:17.N, K9
100 _aEgerton Huge Edward
_9321484
245 0 _aThe origin & growth of the English colonies and of
260 _aNew York
_bNegro University Press
_c1969
300 _a223p
_ccm.
650 _aGreat Britain History
_91540
942 _hV3:17.N, K9
_cGB
_2CC
999 _c630374
_d630374